Statistiken für Deutsche Großstädte

Klicken Sie hier um das Quiz zu spielen!

Allgemein

  • Dieses Quiz wurde 120 mal gespielt
  • Das Durchschnittsergebnis liegt bei 59 aus 82

Antwortstatistiken

PlatzStadt% Korrekt
1.Berlin
100%
2.Hamburg
100%
3.München
100%
4.Köln
98%
11.Bremen
95%
5.Frankfurt am Main
95%
6.Stuttgart
95%
8.Leipzig
93%
10.Essen
92%
13.Hannover
92%
9.Dortmund
91%
12.Dresden
91%
30.Kiel
91%
35.Mainz
89%
14.Nürnberg
89%
7.Düsseldorf
88%
37.Erfurt
88%
19.Bonn
86%
32.Magdeburg
86%
33.Freiburg
85%
42.Potsdam
85%
39.Rostock
83%
43.Saarbrücken
83%
60.Ulm
83%
24.Wiesbaden
83%
27.Aachen
82%
23.Augsburg
82%
15.Duisburg
81%
21.Mannheim
81%
26.Gelsenkirchen
80%
64.Wolfsburg
79%
16.Bochum
78%
75.Jena
78%
48.Osnabrück
78%
28.Braunschweig
77%
22.Karlsruhe
77%
36.Lübeck
77%
29.Chemnitz
76%
57.Ingolstadt
76%
18.Bielefeld
75%
69.Bremerhaven
74%
31.Halle
74%
50.Heidelberg
74%
40.Kassel
74%
53.Regensburg
74%
20.Münster
73%
46.Oldenburg
73%
49.Leverkusen
72%
51.Darmstadt
71%
17.Wuppertal
71%
63.Würzburg
68%
65.Göttingen
65%
82.Kaiserslautern
65%
25.Mönchengladbach
65%
73.Trier
65%
59.Fürth
64%
38.Oberhausen
64%
70.Koblenz
63%
58.Offenbach
62%
55.Paderborn
61%
68.Erlangen
60%
52.Solingen
60%
44.Hamm
59%
54.Herne
59%
45.Ludwigshafen
58%
74.Recklinghausen
58%
34.Krefeld
55%
78.Siegen
55%
41.Hagen
52%
80.Hildesheim
52%
71.Bergisch Gladbach
49%
56.Neuss
45%
77.Salzgitter
45%
61.Heilbronn
44%
62.Pforzheim
44%
66.Bottrop
43%
79.Gütersloh
43%
72.Remscheid
41%
67.Reutlingen
40%
47.Mühlheim
38%
76.Moers
36%
81.Hanau
34%

Verteilung der Resultate

Perzentil nach korrekt beantworteten Fragen

Anzahl Personen mit jedem Resultat

Ihre Resultats-Entwicklung

Sie haben dieses Quiz noch nicht gespielt